College Quizbowl Stats
College Quizbowl Stats
Circuits
Seasons
Sets
Records
Detailed Stats
About
Loading...
2024 ACF Fall at North Carolina
Tossups
Bonuses
Players
Teams
Categories (Tossup)
Categories (Bonus)
Evan Foster
Appalachian State B
Categories
Category
Powers
Gets
Negs
BBs
Points
Earliest Buzz
Avg. Buzz
First Buzzes
Top 3 Buzzes
Science - Biology
0
3
0
2
30
98
100.33
0
0
Science - Other Science
0
2
0
1
20
73
91.50
0
0
Fine Arts - Other Fine Arts
0
1
0
0
10
70
70.00
0
1
Pop Culture
0
1
0
0
10
84
84.00
0
0
Buzzes
Category
Answer
Value
Buzz Position
Fine Arts - Other Fine Arts
earrings
10
70
Science - Other Science
regression
10
73
Pop Culture
Challengers
10
84
Science - Biology
iron
10
98
Science - Biology
eyes
10
100
Science - Biology
malaria
10
103
Science - Other Science
oxygen
10
110
Previous
1
Next